Nhập môn khoa học du lịch

保存先:
書誌詳細
第一著者: Trần Đức Thanh
フォーマット: 図書
言語:Undetermined
出版事項: Hà Nội Đại Học Quốc Gia Hà Nội 2000
主題:
タグ: タグ追加
タグなし, このレコードへの初めてのタグを付けませんか!
Thư viện lưu trữ: Trung tâm Học liệu Trường Đại học Cần Thơ
LEADER 00509nam a2200169Ia 4500
001 CTU_48786
008 210402s9999 xx 000 0 und d
082 |a 338.47 
082 |b Th107 
100 |a Trần Đức Thanh 
245 0 |a Nhập môn khoa học du lịch 
245 0 |c Trần Đức Thanh 
260 |a Hà Nội 
260 |b Đại Học Quốc Gia Hà Nội 
260 |c 2000 
650 |a service industries,tourism 
980 |a Trung tâm Học liệu Trường Đại học Cần Thơ